| 000 | 00000nas##2200000za#4500 |
| 001 | 9.512252 |
| 003 | CaOODSP |
| 005 | 20200331213017 |
| 007 | ta |
| 008 | 150406c2001||||xxc|| p #||||f| |0eng|d |
| 022 | |a1499-495X |
| 040 | |aCaOODSP|beng |
| 041 | |aeng |
| 041 | |afre |
| 043 | |an-cn--- |
| 086 | 1 |aV2-1 |
| 110 | 1 |aCanada. |bVeterans Affairs Canada. |
| 245 | 10|aSalute! |
| 260 | |aCharlottetown - Prince Edward Island : |bVeterans Affairs Canada |
| 310 | |aQuarterly |
| 362 | 1 |aAutumn 2001-- |
| 520 | 3 |aProvides veterans and their families with information on departmental policies, programs and services that affect them. There also is a strong emphasis on health promotion and education information that promotes clients' well-being, independence and quality of life. |
| 563 | |aNewspaper |
| 690 | 07|aVeterans|2gcpds |
| 776 | 0#|tSalute! |w(CaOODSP)9.506350 |
| 792 | |tSalut! |efre|w(CaOODSP)9.512253 |